[Event "Barcelona"]
[Site "Barcelona"]
[Date "1992.05.??"]
[Round "3"]
[White "Romanishin, Oleg M"]
[Black "Rodriguez Vargas, Orestes"]
[Result "1-0"]
[WhiteElo "2595"]
[BlackElo "2455"]
[Annotator "Stohl,I"]
[PlyCount "63"]
[EventDate "1992.05.??"]
[EventType "tourn"]
[EventRounds "11"]
[EventCountry "ESP"]
[EventCategory "13"]
[SourceTitle "CBM 030"]
[Source "ChessBase"]
[SourceDate "1992.10.01"]
[SourceVersion "1"]
[SourceVersionDate "1992.10.01"]
[SourceQuality "1"]

1. d4 {Ftacnik} Nf6 2. Nf3 g6 3. g3 Bg7 4. Bg2 O-O 5. O-O d6 6. Nc3 Nbd7 7. e4
e5 8. a4 c6 (8... a5 9. h3 Re8 10. Re1 exd4 11. Nxd4 Nc5 12. Bf4 Nh5 13. Be3
Nf6 14. f3 b6 (14... c6 $142 $5 $132) 15. Bf2 Bb7 16. Qd2 h5 17. Rad1 Re5 18.
b3 Qf8 19. Ndb5 $14 {(),Romanishin,O-Knaak,R,Bad Lauterberg 1991-CBM 26}) 9. h3
Re8 10. Re1 (10. Be3 a5 11. dxe5 dxe5 12. Qe2 b6 13. Rfd1 Ba6 14. Qe1 Qc7 15.
Bf1 Bf8 16. Bxa6 Rxa6 17. Qe2 Raa8 18. Qc4 Bc5 19. Bxc5 Nxc5 20. Rd2 Rad8 21.
Rad1 Rxd2 22. Rxd2 Qe7 23. b3 Kg7 24. Kg2 h6 25. Rd1 Qe6 $1 $10 {Sosonko,
G-Klarenbeek,H,NLD-ch 1992-CBM 30}) 10... Qc7 (10... a5 {Ftacnik}) 11. Be3 exd4
$6 (11... b6 $5 {/\Bb7,a6,b5<=>} 12. d5 Bb7 $13 {Bernard,C-Stangl,M,Wildbad
1990-EXP 20}) (11... a5 $132) (11... a5 $5 {Ftacnik}) 12. Nxd4 $14 {()} Nc5 13.
Bf4 Nh5 (13... a5 $6 14. Nb3 $16) (13... Rd8 14. a5 {()}) 14. Ndb5 $1 cxb5 15.
Bxd6 Qa5 $1 $8 (15... Qb6 16. a5 Qc6 17. e5 $18 (17. e5 {Ftacnik} Qd7 18. Bxc5
$16)) 16. axb5 (16. Bxc5 b4 17. Nb5 (17. Bd6 {Ftacnik} bxc3 18. b4 Qd8 $17)
17... Rd8 18. Qf3 a6 $17) 16... Qb6 (16... Qb4 {Ftacnik} 17. Nd5 Qxb2 18. Rb1
Qa3 19. Rb3 $18) 17. e5 {/\Nd5+-} Be6 $8 18. b4 Nd7 19. Qf3 {/\g4,Qb7} (19. Nd5
Bxd5 20. Qxd5 Rad8 $17 {/\Ne5,Ng3} (20... Rad8 {Ftacnik} 21. Qxb7 Bxe5 $17))
19... Rac8 {/\20.g4? Nf4!-/+} (19... Bc4 {Ftacnik} 20. Qxb7 $16) 20. Ra3 (20.
g4 {Ftacnik} Nf4 21. Qxf4 Rxc3 $17) 20... Bc4 $6 (20... Rc4 $5 21. Qxb7 Qxb7
22. Bxb7 Bxh3 23. Bc6 $146) (20... Rxc3 21. Rxc3 Qxb5 22. g4 (22. Qxb7 $5 $16)
22... Bxe5 (22... Nxe5 23. Bxe5 Bxe5 24. Rc5 $16) 23. Bxe5 Nxe5 24. Qxb7 Qxb7
25. Bxb7 $16 {/\} Bxg4 26. Rce3 $1) 21. Qxb7 (21. g4 $2 {Ftacnik} Nxe5 22. Bxe5
Bxe5 23. gxh5 Bh2+ 24. Kxh2 Rxe1 $17) 21... Nxg3 (21... Nxe5 $2 22. Bxe5 Bxe5
23. Rxe5 $18) (21... Qxb7 {Ftacnik} 22. Bxb7 Rcd8 23. Bc6 $18) 22. Qxd7 $1 $18
(22. Qxb6 $6 axb6 23. fxg3 Nxe5 $146 (23... Bxe5 {Ftacnik} 24. Bxe5 Nxe5 $132))
22... Rcd8 (22... Nf5 23. Bc5 $18 (23. Bc5 {Ftacnik} Qc7 24. Rxa7 Qxd7 25. Rxd7
Bxe5 26. Ne4 $18)) 23. Qg4 $6 (23. Qc6 $142 $18) (23. Qc6 {Ftacnik} Rxd6 24.
Qxd6 Qxd6 25. exd6 Rxe1+ 26. Kh2 Nf1+ 27. Bxf1 Be5+ 28. Kg2 Bxf1+ 29. Kf3 Bxd6
$19) 23... Qxd6 (23... Rxd6 24. Qxc4 (24. Qxg3 {Ftacnik} Rd2 25. Ra6 Qd4 $132)
24... Rd2 (24... Rxe5 $2 {Ftacnik} 25. Rxe5 Bxe5 26. Nd5 $18) 25. Qc5 (25. Re3
{Ftacnik} Nf5 26. Nd5 Qb8 $132) 25... Nf5 26. Rxa7 $18) (23... Nf5 {Ftacnik}
24. Bc5) 24. Qxc4 $6 (24. exd6 $5 Rxe1+ 25. Kh2 Nh5 26. Ne4 $1 $16) 24... Rxe5
(24... Bxe5 25. Rxa7 Re7 26. Rxe7 Qxe7 27. Nd5 $18) 25. Rd1 (25. Rxe5 Qxe5 26.
fxg3 (26. Rxa7 $2 Qxc3 27. Qxc3 Bxc3 $15) 26... Qxg3 $146) 25... Ne2+ (25...
Qxd1+ 26. Nxd1 Rxd1+ 27. Kh2 Nf5 28. Rxa7 $18) (25... Qe7 {Ftacnik} 26. Rxd8+
Qxd8 27. fxg3 Re1+ 28. Kh2 Qb6 29. Qc5 $18) 26. Kh1 (26. Kh2 {Ftacnik} Rd5+) (
26. Kf1 {Ftacnik} Qxd1+ 27. Nxd1 Rxd1#) 26... Qxd1+ $8 (26... Qe7 27. Rxd8+
Qxd8 28. Rxa7 $18 (28. Nxe2 {Ftacnik} Qd1+ 29. Ng1 Re1 30. Rd3 Rxg1+ 31. Kh2
Qc1 (31... Be5+ 32. f4 $18) 32. Rd8+ Bf8 33. Qc5 $18)) 27. Nxd1 Rxd1+ 28. Kh2
Re8 $1 (28... Bh6 29. Rf3 $18 (29. Rf3 {Ftacnik} Rf5 30. Rxf5 gxf5 31. Bc6 $16)
) 29. Re3 Rxe3 $2 (29... Be5+ 30. Rxe5 (30. f4 $6 Bxf4+ 31. Qxf4 Nxf4 32. Rxe8+
Kg7 33. Bc6 Rd2+ 34. Kg3 Nh5+ 35. Kf3 Rxc2 36. Re7 Rc4 37. Rxa7 Rxb4 $13 38.
Ra6) 30... Rxe5 31. Qc8+ (31. Bf3 {Ftacnik} Rd2 32. Qc8+ Kg7 33. Qb7 Rf5 $132)
31... Kg7 32. Qb7 $16 {<=>}) 30. Qc8+ $18 Bf8 31. fxe3 Kg7 32. Bf3 {[Stohl]}
1-0

[Event "Dhaka"]
[Site "Dhaka"]
[Date "1995.??.??"]
[Round "11"]
[White "Rahman, Zillur"]
[Black "Murshed, Niaz"]
[Result "0-1"]
[WhiteElo "2320"]
[BlackElo "2520"]
[Annotator "Stohl,I"]
[PlyCount "54"]
[EventDate "1995.??.??"]
[EventType "tourn"]
[EventRounds "13"]
[EventCountry "BAN"]
[EventCategory "9"]
[SourceTitle "CBM 048"]
[Source "ChessBase"]
[SourceDate "1995.10.01"]
[SourceVersion "1"]
[SourceVersionDate "1995.10.01"]
[SourceQuality "1"]

1. e4 d6 2. d4 Nf6 3. Nc3 Nbd7 4. f4 (4. Be3 e5 5. f3 Be7 6. Qd2 c6 7. g4 h6 8.
Nce2 d5 9. dxe5 Nxe5 10. Bd4 Qc7 11. O-O-O dxe4 12. Qc3 Nxf3 13. Nxf3 exf3 14.
Qxf3 Bxg4 15. Qg2 O-O-O 16. Re1 Be6 17. a3 Qa5 18. Bc3 Qa4 19. Qf3 Bxa3 20. Bh3
Bb4 21. Bxe6+ fxe6 $19 {Polgar,S-Ruck,R/HUN-ch/1995/}) 4... e5 5. Nf3 exd4 6.
Qxd4 c6 7. Bc4 $2 (7. Be3 d5 $5 (7... Be7 8. Qd2 (8. O-O-O $14) 8... O-O 9. Bd3
Re8 10. O-O-O Qa5 11. Kb1 Bf8 12. Rhe1 Nc5 13. Bxc5 Qxc5 14. e5 dxe5 15. fxe5
Nd5 16. Nxd5 cxd5 17. Qf4 Be6 18. Ng5 g6 19. Rf1 Qc7 20. Bb5 Re7 21. Qh4 h6 22.
Nxe6 fxe6 23. Rde1 Bg7 24. Bd3 $40 {[%csl Gd3,Rg6,Rg7,Rh6] ^-,׻,Mokry,K-Mikac,
M/Pardubice op/1994/}) 8. exd5 (8. e5 Ng4 9. Bg1 Nh6 10. O-O-O Nc5 11. Qd2 b5
12. Ng5 Rb8 13. Bxc5 Bxc5 14. Nce4 Be7 15. Qc3 Rb6 16. Nd6+ Bxd6 17. exd6 O-O
18. Bd3 $14 {Schaefer-Buecker,France/1991/}) 8... Bc5 9. Qd3 Qe7 10. Nd4 Nb6
11. dxc6 bxc6 (11... O-O $2 12. O-O-O bxc6 13. Bg1 $1 Qc7 14. g3 Rd8 $4 15.
Ndb5 $1 {1-0 Polgar,J-Rivas,M/Dos Hermanas/1993/}) 12. Be2 O-O 13. Bg1 Qc7 14.
g3 Bh3 15. Ne6 fxe6 16. Bxc5 Rfd8 17. Bd4 Bf5 18. Qe3 Nbd5 19. Nxd5 Nxd5 20.
Qe5 Qxe5 21. Bxe5 Ne3 22. Kf2 Nxc2 23. Rac1 Nb4 24. Rhd1 $14 {Howell,J-Jansa,V/
Ekorex Cup/1995/}) (7. e5 $5 dxe5 8. fxe5 Bc5 9. Qf4 $142 $5 (9. Qh4 Qe7 10.
Bf4 Bb4 11. O-O-O Bxc3 12. exf6 Bxf6 13. Qg3 O-O 14. Bc4 (14. Bd6 Qe3+ 15. Kb1
Qb6) 14... Qb4 15. Bb3 Nc5 16. Bd6 {[#]} Bf5 $5 (16... Re8 $15) 17. Bxf8 Rxf8
18. Rhf1 $1 Nxb3+ (18... a5 $5) 19. axb3 Bxc2 {1/2-1/2,Yudasin,L-Rivas,M/Dos
Hermanas/1993/}) 9... Qe7 10. Be2 Nd5 11. Nxd5 cxd5 12. Be3 Bxe3 13. Qxe3 O-O
14. O-O-O Nb6 15. Qf4 f6 16. Rhe1 Bd7 17. Bd3 fxe5 18. Qxe5 Qxe5 19. Nxe5 Bf5
20. b3 Rae8 21. a4 a5 22. Kd2 $14 {Sermek,D-Manouck,T/Cannes op/1995/}) 7... d5
$1 8. exd5 Bc5 9. Qd3 Qe7+ {[%csl Re1] @,עe1} (9... O-O $5 10. Bd2 b5 11. Bb3
b4 12. Na4 Re8+ 13. Kf1 Qa5 14. Nxc5 Nxc5 15. Qd4 Re4 16. Qf2 Nxb3 17. cxb3 Ng4
{0-1,Moingt,J-Grimberg,G/Clichy/1993/}) 10. Kf1 (10. Qe2 $142 $5 Nb6 (10...
Qxe2+ 11. Bxe2 cxd5 12. Nb5 O-O $132) 11. Qxe7+ Kxe7 12. Bb3 Nbxd5 $10) (10.
Kd1 $2 Ng4 11. Ne4 f5 $19 {[%cal Rg4f2] /\Nf2}) 10... O-O $40 11. Bd2 (11. dxc6
bxc6 $44 {[%cal Yd7b6,Yf8d8] /\Nb6,Rd8|^}) (11. Qe2 Qd6 12. Be3 Nb6 $1 (12...
cxd5 13. Rd1 $132) 13. Bxc5 Qxc5 14. Bb3 Nbxd5 $17 {->}) 11... Nb6 12. Re1 Qc7
{[%cal Rc6d5,Rf8d8] /\cd5,Rd8} 13. dxc6 $8 bxc6 14. Ne4 $6 (14. Ne5 $142 {
[%cal Gd2e3] /^a2-g8, /\Be3} Ng4 (14... Nxc4 15. Qxc4 Bb6 16. Be3 $13) 15. Nxg4
Bxg4 16. Ne4 Rad8 $36 {[%cal Rd8d2,Rf8e8,Re8e2] ->[+],<->e,d}) (14. Bb3 a5 $1
$17 {[%cal Rc8a6,Ra5a4] /\a4,Ba6}) 14... Nxe4 15. Qxe4 $8 (15. Rxe4 Bf5 $19)
15... Nxc4 16. Qxc4 Qb6 $17 {[%cal Rc8a6] /\Ba6} 17. Qb3 $8 Qa6+ 18. c4 (18.
Qd3 Qxa2 $17) (18. Re2 Be6 $19 {[%cal Re6c4] /\Bc4}) 18... Be6 19. Rxe6 (19.
Rc1 Rab8 20. Qc2 Qxa2 $19 {->}) 19... fxe6 20. Ng5 (20. Qc2 $142 $5 $17 {
[%cal Rf3g5] /\Ng5}) 20... Be7 $1 21. Nxe6 Rfb8 $19 22. Qd3 (22. Qc2 Qxa2 23.
Bc1 Rb4 $19) 22... Rxb2 23. Bc3 Qxa2 $1 24. Bxb2 $8 Qxb2 {[%csl Ga7,Rh1][%cal
Rb2c1] צh1,o^a7,/\Qc1} 25. g3 a5 26. Qd4 Rb8 $1 (26... Qb1+ 27. Kg2 Qc2+ 28.
Kf3 $13) 27. Qe4 $2 (27. Qxb2 Rxb2 28. Nd4 a4 29. Nxc6 Bc5 $19) 27... Qa2 {
[%cal Rb8b1] /\Rb1#} 0-1

[Event "Tel Aviv"]
[Site "Tel Aviv"]
[Date "1992.??.??"]
[Round "9"]
[White "Gofshtein, Leonid D"]
[Black "Beim, Valery"]
[Result "1/2-1/2"]
[WhiteElo "2485"]
[BlackElo "2485"]
[Annotator "Stohl,I"]
[PlyCount "71"]
[EventDate "1992.04.??"]
[EventType "tourn"]
[EventRounds "11"]
[EventCountry "ISR"]
[EventCategory "11"]
[SourceTitle "CBM 030"]
[Source "ChessBase"]
[SourceDate "1992.10.01"]
[SourceVersion "1"]
[SourceVersionDate "1992.10.01"]
[SourceQuality "1"]

1. e4 d6 2. d4 Nf6 3. f3 d5 4. e5 (4. Nc3 e6 5. Bg5 (5. e5 Nfd7 6. f4 c5 7. Nf3
Nc6 8. Be3 {-C11}) 5... dxe4 $5 6. fxe4 Be7 7. Nf3 O-O 8. Bd3 c5 $1 9. dxc5
Nbd7 10. Qe2 Nxc5 11. O-O-O Nfd7 12. Bxe7 Qxe7 13. e5 Nxd3+ $13 {/\} 14. Qxd3
$2 Nxe5 $1 15. Nxe5 Qg5+ $17 {Ward,C-Anand,V,Oakham 1990-EXP 16}) (4. exd5 Nxd5
5. c4 Nf6 6. Nc3 Bf5 7. Be3 e6 8. Bd3 Bxd3 9. Qxd3 Nbd7 10. Nge2 c6 11. Rd1 Qa5
12. O-O Rd8 13. Qd2 Be7 14. b3 Qa6 15. Qc2 {1/2:1/2,Dlugy,M-Ermenkov,E,St.John
op-1 1988-CBM 06}) 4... Ng8 $5 (4... Nfd7 5. c4 $5 (5. f4 c5 6. Nf3 e6 7. c3
Nc6 8. Bd3 Qb6 9. Bc2 g6 10. O-O a5 11. Kh1 Be7 12. a4 cxd4 13. cxd4 Nb4 14.
Bb3 Nb8 15. Nc3 N8c6 16. Be3 Na7 17. Qd2 Bd7 18. Bd1 Qd8 19. Be2 Rb8 20. Rac1
b5 $132 {Oll,L-Ehlvest,J,Pamplona 1991-CBM 28}) (5. Bd3 $6 c5 6. c3 Nc6 7. Ne2
e6 8. O-O cxd4 9. cxd4 Qb6 10. Kh1 Nxd4 11. Nxd4 Qxd4 12. Nc3 a6 13. f4 Qb6 14.
f5 Nxe5 15. Bc2 d4 16. Bf4 Nc6 17. Na4 Qa5 $17 {Boissonet,C-Adams,M,Buenos
Aires Najdorf 1991-CBM 24}) 5... dxc4 6. Bxc4 e6 7. f4 c5 8. dxc5 Bxc5 9. Nf3
a6 10. Nc3 b5 11. Bd3 Bb7 12. a3 Nc6 13. Ne4 O-O 14. h4 Be7 15. Be3 f6 16. Bc2
fxe5 17. Nfg5 Qe8 18. Qd3 Rf5 19. O-O-O $40 {Kasparov,G-Hansen,C,Denmark m 1990
}) 5. c3 {N} (5. Ne2 c5 6. dxc5 e6 7. Be3 Nd7 8. f4 Nh6 9. Ng3 Bxc5 10. Bxc5
Nxc5 11. Nc3 Bd7 12. Qd2 O-O 13. O-O-O Qa5 14. Kb1 Rfc8 15. Bd3 b5 16. Nh5 b4
17. Ne2 Bb5 $13 {Fedorowicz,J-Hansen,C,Wijk 1991-CBM 22}) 5... c5 6. f4 (6.
dxc5 e6 $13 {/\} 7. b4 $6 a5 {/\ab4,Qh4} 8. a3 axb4 9. cxb4 b6 10. cxb6 Bxb4+
$36) 6... cxd4 (6... Nc6 $6 7. dxc5 e6 8. Be3 {/\b4}) 7. cxd4 Nc6 8. Nc3 Nh6 $1
9. Be2 (9. Nf3 $6 Bg4 {/\Nf5 קd4}) 9... Nf5 10. Nf3 e6 {/\Qb6 ><d4} 11. a3 Bd7
$132 (11... Qb6 12. Na4 Qc7 13. g4 {()}) 12. b4 (12. g4 $6 Nh4 {׻}) (12. O-O
Rc8 {/\Nfd4} 13. Kh1 h5 $15) 12... Rc8 13. Qd2 $5 {/\Bb2} (13. Bb2 $2 Ne3 $17)
(13. O-O a5 $1 14. g4 (14. b5 $2 Ncxd4 $18) 14... axb4 15. axb4 Bxb4 $17) 13...
Be7 (13... Qb6 $6 14. Na4 {/\Nc5|^}) (13... a5 14. b5 {()}) 14. Bb2 O-O (14...
h5 $5 15. g3 $13 {/\Kf1-g2,h3,g4} (15. O-O $6 a5 $1 $36)) 15. O-O $5 a5 16. g4
$8 (16. b5 Ncxd4 17. Nxd4 Nxd4 18. Qxd4 Bc5 $19) 16... axb4 (16... Nh6 $6 17.
b5 Na7 18. h3 {()}) 17. axb4 Nh6 18. h3 (18. b5 $6 Na5 19. h3 Bb4 $36) 18...
Bxb4 19. f5 $1 $146 {/\f6->} f6 (19... exf5 20. g5 Ng4 21. Kg2 $1 $13 {/\hg4} (
21. hxg4 fxg4 22. Nh2 Nxd4 $17)) (19... Na5 $6 20. f6 {/\Qg5+-}) 20. exf6 Qxf6
21. g5 Qxf5 22. gxh6 Qxh3 $44 23. Rf2 $5 (23. hxg7 $2 Rf7 $40) (23. Qg5 Qxh6
$10) 23... Qxh6 (23... Rf6 24. Rh2 Qf5 25. hxg7 $36) 24. Qxh6 gxh6 {/\Nd4} 25.
Na4 Be8 {/\Bg6-e4=/+} 26. Nc5 $1 Nxd4 27. Rg2+ Bg6 28. Bxd4 Bxc5 29. Bxc5 Rxc5
30. Ne5 $10 {/\Ng6,Nd7} Rc7 31. Nxg6 hxg6 32. Rxg6+ Rg7 33. Rxg7+ Kxg7 34. Kg2
Rf7 35. Rb1 Re7 36. Kf3 (36. Kf3 e5 37. Rb5 Rd7 38. Ke3 {/\Bg4= [Stohl]})
1/2-1/2

[Event "Barcelona"]
[Site "Barcelona"]
[Date "1992.05.??"]
[Round "3"]
[White "Tal, Mihail"]
[Black "Rivas Pastor, Manuel"]
[Result "1-0"]
[WhiteElo "2525"]
[BlackElo "2520"]
[Annotator "Stohl,I"]
[PlyCount "122"]
[EventDate "1992.05.??"]
[EventType "tourn"]
[EventRounds "11"]
[EventCountry "ESP"]
[EventCategory "13"]
[SourceTitle "CBM 030"]
[Source "ChessBase"]
[SourceDate "1992.10.01"]
[SourceVersion "1"]
[SourceVersionDate "1992.10.01"]
[SourceQuality "1"]

1. e4 d6 2. d4 Nf6 3. Nc3 c6 4. f4 Qa5 5. Bd2 e5 (5... Qb6 6. Nf3 Bg4 7. Na4
Bxf3 8. gxf3 $1 Qc7 (8... Qxd4 $4 9. c3 $18) 9. f5 g6 10. Bh3 Nbd7 11. Qe2 Bg7
12. c4 c5 13. d5 a6 14. Nc3 O-O 15. O-O $36 {(),Kudrin,S-Terrie,H,Los Angeles
US-op 1991-TD 91_09}) 6. Nf3 (6. dxe5 dxe5 7. fxe5 (7. Nd5 Qd8 {-6.Nd5}) (7. f5
Qb4 $1 (7... Qc7 8. Qf3 b5 9. g4 Nfd7 10. a4 b4 11. Nd1 Ba6 12. Ne2 Nc5 13. b3
Nbd7 14. Ng3 Bxf1 15. Kxf1 Nb7 16. Kg2 Bc5 17. Rc1 Qd6 18. Qe2 Bd4 19. Ne3 a5
20. g5 $36 {(),Topalov,V-Romero Holmes,A,Las Palmas 1991}) 8. a3 Qxb2 9. Nf3
Qb6 10. Nxe5 Nbd7 11. Nc4 Qd4 12. Bd3 Bc5 13. Qf3 Ne5 14. Nxe5 {1/2:1/2,Bareev,
E-Mokry,K,Novi Sad olm 1990-TD 90_06} Qxe5 $15) 7... Ng4 8. Be2 Nxe5 9. Nf3
Nxf3+ 10. gxf3 Qd8 11. Be3 Qxd1+ 12. Rxd1 Nd7 13. Rg1 g6 14. Kf2 Bc5 15. f4
Bxe3+ 16. Kxe3 Ke7 17. Rd2 Nb6 18. Rgd1 Be6 $10 {Dolezal,R-Pribyl,M,Praha
CS-ch 1992}) (6. Nd5 Qd8 7. Nxf6+ Qxf6 8. dxe5 (8. fxe5 dxe5 9. Nf3 Bg4 $5 (
9... exd4 $6 10. Bc4 $36) 10. dxe5 Qg6 11. Bd3 Nd7 $14 {-6.Nf3}) 8... dxe5 9.
Nf3 exf4 10. e5 Qh6 (10... Qg6 11. Bd3 $1 Qxg2 12. Rg1 Qh3 13. Bxf4 Bg4 14. Rg3
Qh5 15. Be2 Nd7 16. e6 $1 Bxe6 17. Ng5 Qxh2 18. Qxd7+ $1 $16 {->,Burovic,
I-Kramnik,V,URS-JUG TeamJ Leningrad 1991-EXP 23}) 11. g3 Bg4 12. Bxf4 Qg6 13.
Bg2 Qe4+ 14. Qe2 Qxe2+ 15. Kxe2 Na6 16. Rad1 Nc7 17. h3 Bxf3+ 18. Bxf3 Ne6 19.
Bg4 Be7 20. Rd2 h5 21. Bxe6 fxe6 22. Rhd1 Rd8 $10 {Brunner,L-Mokry,K,Graz
1991-EXP 22}) 6... exd4 $5 (6... Bg4 7. fxe5 dxe5 8. Nd5 Qd8 9. Nxf6+ Qxf6 10.
dxe5 Qg6 11. Bd3 Nd7 12. Bc3 Bc5 13. Qd2 O-O 14. O-O-O Rae8 15. Kb1 $1 Bxf3 16.
gxf3 Nxe5 17. f4 Nxd3 18. f5 $1 Qg4 19. cxd3 $14 {Ftacnik,L-Mokry,K,CSSR tt
1987}) 7. Nxd4 Qb6 8. Nb3 a5 9. Rb1 {N} (9. a4 $6 Na6 10. Be2 Nb4 11. Bf3 Be6 {
/\Nc2} 12. Nc1 d5 13. Nd3 dxe4 14. Nxe4 Nxd3+ 15. cxd3 Nxe4 16. dxe4 O-O-O 17.
Qe2 Qxb2 18. Rd1 Rxd2 $19 {Belaska,P-Pribyl,M,Morava D 1991-EXP 24}) (9. Qe2 a4
10. Be3 Qb4 11. a3 axb3 $5 12. axb4 Rxa1+ 13. Kd2 Bg4 14. Qc4 bxc2 15. Kxc2 d5
$1 16. exd5 Na6 17. Bc5 Bxc5 18. bxc5 O-O 19. d6 Nd5 20. Nxd5 cxd5 21. Qd4 Nxc5
$146 {Alvarez Ibarra,R-Rivas Pastor,M,Albacete 1989}) 9... a4 10. Nc1 g6 (10...
Bg4 11. Be2 Bxe2 12. Qxe2 Be7 13. Be3 Qa6 14. Nd3 $14 {()}) 11. Qf3 (11. Bd3 $6
Bg4 $1 $36) 11... Bg7 12. Bd3 (12. Be3 $5 Qa5 {/\Bg4} 13. Bd3 Nbd7 14. O-O O-O
$13) 12... O-O 13. N1e2 (13. Be3 $142 Qa5 14. O-O Nbd7 $13 (14... Ng4 15. Bd2
a3 16. b4 Qh5 17. h3 $14)) 13... Bg4 14. Qg3 (14. Qf2 Qxf2+ 15. Kxf2 Nbd7 $10)
14... Bxe2 15. Nxe2 (15. Bxe2 Re8 $36) 15... Nbd7 (15... Re8 16. Qf3 Nbd7 $10)
16. Qf3 $8 (16. Be3 $6 Nxe4 $1 17. Bxe4 (17. Bxb6 Nxg3 18. hxg3 Nxb6 $19) 17...
Qb4+ $19) 16... Nc5 17. Be3 Nfxe4 $2 (17... Qb4+ 18. Bd2 $8 (18. Nc3 $2 a3 $17)
18... Qb6 $10) (17... Rfe8 $6 18. O-O Qa5 19. Ng3 $14) 18. Qxe4 $1 (18. Bxe4 $2
Qb4+ $19) 18... Rfe8 19. Bxc5 dxc5 (19... Qxc5 20. Qc4 Qe3 21. Rf1 d5 22. Qb4
$16) 20. Qc4 $8 (20. Qf3 $2 c4 $17) 20... Qa7 {/\b5-+} 21. b4 $1 (21. Be4 Rad8
$1 {/\b5}) 21... axb3 (21... cxb4 22. Qxb4 b5 23. f5 $16) 22. Qxb3 b5 23. c4
Qa5+ (23... Qxa2 24. Qxa2 Rxa2 25. cxb5 $18) 24. Kf1 (24. Kf2 $5 $16) 24...
Rad8 25. Rd1 Rb8 (25... Re3 26. Kf2 $16) 26. Qc2 bxc4 27. Bxc4 Rb2 28. Qc1 {
/\h4,Rh3+-} Qb4 29. h4 Re4 30. a3 $1 Qb8 (30... Qxa3 31. Rh3 Qb4 32. Bd3 $16) (
30... Qxc4 $2 31. Rd8+ Bf8 32. Qxb2 $18) 31. Rh3 Qe8 32. Nc3 $1 $18 Rxc4 (32...
Bxc3 33. Qxc3 Ree2 (33... Rxf4+ 34. Rf3 $18) 34. Rg3 Rec2 35. Qd3 $18) 33. Qxb2
Rxf4+ 34. Rf3 Rxh4 35. Qe2 $18 Rh1+ 36. Kf2 Bd4+ $8 37. Rxd4 Qxe2+ 38. Nxe2
cxd4 39. Nxd4 c5 40. Nc6 (40. Nb3 c4 41. Nd4 $18) 40... Ra1 41. Rc3 Ra2+ 42.
Kf3 f5 43. Na7 (43. Nd8 $18 {/\Nb7-d6+-}) 43... Kg7 44. Nb5 h5 45. g3 g5 46.
Rxc5 Kf6 47. Rc3 g4+ 48. Kf4 Rf2+ 49. Ke3 Rg2 (49... Rf3+ 50. Kd4 Rxc3 51. Nxc3
f4 52. gxf4 Kf5 53. Ke3 $18) 50. Kd4 f4 (50... h4 51. gxh4 f4 52. Nd6 f3 53.
Ne4+ $18) 51. Rc6+ Kg5 52. Rc5+ Kh6 53. gxf4 h4 54. Ke5 $1 h3 55. Nd6 h2 56.
Nf5+ Kg6 57. Rc6+ Kf7 58. Rc7+ Kg8 (58... Kg6 59. Rg7+ Kh5 60. Rg5#) (58... Ke8
59. Rh7 $18) 59. Nh6+ Kf8 $8 (59... Kh8 60. Kf6 $3 h1=Q 61. Nf7+ Kh7 (61... Kg8
62. Rc8+ Kh7 63. Rh8#) 62. Ng5+ $18 {/\Rc8,Rh7#}) 60. Kf6 {/\Rc8#} Ke8 61. Nf5
$1 Kd8 (61... h1=Q 62. Ng7+ Kd8 (62... Kf8 63. Rc8#) 63. Ne6+ Ke8 64. Re7#) (
61... Kd8 62. Rh7 $18 {[Stohl]}) 1-0

[Event "Cebu"]
[Site "Cebu"]
[Date "1992.??.??"]
[Round "1"]
[White "Barcenilla, Rogelio"]
[Black "Antonio, Rogelio Jr"]
[Result "1-0"]
[WhiteElo "2465"]
[BlackElo "2500"]
[Annotator "Stohl,I"]
[PlyCount "97"]
[EventDate "1992.05.??"]
[EventType "tourn"]
[EventRounds "9"]
[EventCountry "PHI"]
[EventCategory "10"]
[SourceTitle "CBM 031"]
[Source "ChessBase"]
[SourceDate "1992.12.01"]
[SourceVersion "1"]
[SourceVersionDate "1992.12.01"]
[SourceQuality "1"]

1. e4 d6 2. d4 Nf6 3. Nc3 g6 4. Be3 c6 5. h3 (5. Qd2 b5 (5... Bg7 6. f3 O-O 7.
Bh6 b5 8. Bxg7 Kxg7 9. a4 bxa4 $6 (9... b4 10. Nd1 $14) 10. Rxa4 Nbd7 11. b3 c5
12. d5 a5 13. Bb5 Qb6 14. Nge2 $16 {Mascarinas,R-Donguines,F,Cebu 1992-CBM 31})
6. f3 (6. Bd3 Nbd7 7. Nf3 e5 (7... Ng4 $6 8. Bg5 b4 9. Ne2 Qb6 10. O-O Bg7 11.
h3 Ngf6 12. Bh6 O-O 13. Bxg7 Kxg7 14. a3 bxa3 15. Rxa3 e5 16. dxe5 Nxe5 17.
Nxe5 dxe5 18. Qc3 $16 {׫,Ye Jiangchuan-Antonio,R,Shezhen 1992-CBM 31}) 8. dxe5
dxe5 9. h3 a5 {N} 10. a4 b4 11. Ne2 Qe7 12. O-O Nc5 13. Ng3 Bg7 14. Bh6 O-O 15.
Rfe1 Nxd3 16. cxd3 c5 $10 {1/2:1/2,Ye Jiangchuan-Torre,E,Shenzhen 1992-CBM 31})
6... Nbd7 7. g4 Nb6 8. h4 (8. g5 Nh5 9. Bd3 e5 10. Nge2 Bg7 11. dxe5 dxe5 12.
a4 b4 13. Nd1 a5 14. c3 b3 $1 15. c4 Be6 16. Qc3 O-O 17. Qxb3 Nd7 18. Qc2 Qe7
19. c5 Rfd8 $44 {Xie Jun-Torre,E,Shenzhen 1992-CBM 31}) 8... h5 9. g5 Nfd7 10.
d5 $1 {N} cxd5 11. Bxb6 Nxb6 12. Bxb5+ Bd7 13. Bxd7+ Qxd7 14. Nxd5 Bg7 15. Nxb6
axb6 16. c3 O-O 17. Ne2 Ra5 18. Nf4 e6 19. O-O Kh7 20. a3 f6 21. Ng2 $16 {
Xie Jun-Antonio,R,Shenzhen 1992-CBM 31}) 5... Bg7 $6 (5... Nbd7 {/\} 6. f4 e5
$132) (5... Qa5 $5 6. Bd3 Nbd7 7. Nf3 Bg7 8. O-O O-O 9. a3 Qc7 10. Re1 e5 11.
Qd2 Re8 12. Rad1 Nf8 13. Bf1 Ne6 14. d5 cxd5 15. exd5 Nf8 16. Nb5 Qb8 17. c4
Ne4 18. Qc2 f5 $13 {Wolff,P-Ng,E,Adelaide-WchJ 1988-TD 88_09}) (5... b5 $2 6.
e5 dxe5 7. dxe5 Qxd1+ 8. Rxd1 Nfd7 9. f4 Bg7 10. Nf3 f6 11. e6 Nf8 12. Nxb5 $1
Nxe6 13. Nxa7 Bb7 14. Bc4 Nc7 15. Kf2 Nd5 16. Nxc6 $1 $18 {Jansa,V-Schlosser,P,
Muenster 1992-CBM 31}) 6. g4 (6. f4 $142 O-O 7. Nf3 Nbd7 8. e5 Nh5 9. Ne2 $1
$16) 6... b5 7. a3 $6 (7. e5 $5 $36) 7... O-O 8. Bg2 Nfd7 $1 9. Qd2 Nb6 (9...
e5 $6 10. d5 $36) (9... a6 $13 {/\e5}) 10. b3 a5 11. Nf3 (11. a4 b4 12. Nce2 c5
$36) 11... d5 $2 (11... a4 12. O-O (12. Bh6 axb3 13. cxb3 b4 $17) 12... axb3
13. cxb3 Be6 14. Qc2 Na6 $15) 12. e5 f5 13. exf6 exf6 14. O-O $14 {()} Na6 (
14... Ra7 $5 $14 {/\Re7}) 15. Ne2 Nc7 (15... a4 16. Nf4 Ra7 17. Nd3 $14) 16. g5
(16. Nf4 $14) 16... Nd7 (16... Ne6 $142 17. h4 Ra7 $132) 17. Ng3 Ne6 18. h4
fxg5 (18... a4 $5 $13) 19. hxg5 a4 20. Nh2 (20. b4 Nb6 $15) (20. Ne2 $142 $13)
20... Qb6 21. Ne2 {/\b4,c3,Ng4->>>} axb3 22. cxb3 b4 $6 (22... Ba6 23. Bh3 Rae8
$13) 23. Qxb4 Ba6 (23... Qxb4 24. axb4 Ba6 25. Bh3 $1 $36) 24. Qxb6 Nxb6 25.
Rfc1 $1 $16 Bxe2 (25... Rfc8 26. Bh3 $16) 26. Rxc6 Nxd4 27. Rxb6 Rad8 (27...
Nf3+ 28. Nxf3 $1 Bxa1 29. Nd4 Bxd4 30. Bxd5+ $18) 28. Ra2 {/\Rd2+-} Nf3+ $8 29.
Kh1 Bd1 30. Bc5 Rf7 31. Nxf3 Bxf3 32. Rd2 d4 33. Rd6 (33. b4 $142 $16) 33...
Rxd6 34. Bxd6 Rf5 35. a4 Bxg2+ 36. Kxg2 Rxg5+ 37. Kf3 Rd5 38. Bb4 (38. Bg3 $5 {
/\} d3 39. Ke4 Rd4+ 40. Ke3 $16) 38... d3 39. Ke3 (39. Ke4 $2 Rd4+ $19) 39...
Bh6+ 40. f4 Bxf4+ $5 (40... g5 41. Rxd3 gxf4+ 42. Ke4 $16) (40... Rf5 41. Bd6
g5 42. Ke4 $18) 41. Kxf4 Rd4+ 42. Ke5 Rxb4 43. Rxd3 h5 44. Kd5 h4 45. Kc5 Rg4 (
45... Rb8 46. a5 g5 47. a6 g4 48. Rd4 $18) 46. a5 Rg3 47. Rd8+ Kg7 48. a6 $18
Rg5+ (48... Rxb3 49. a7 Ra3 50. a8=Q Rxa8 51. Rxa8 g5 52. Kd4 g4 53. Ke4 $18)
49. Kb6 {[Stohl]} 1-0